000 00575cam a22002415i 4500
001 17755096
005 20180216070924.0
008 130529s2013 nyu 000 0 eng
010 _a 2013941507
020 _a9783642373657
040 _aDLC
_beng
_cDLC
_erda
_dDLC
041 _aeng
042 _apcc
080 _a51 GLE
082 _a51 GLE
100 _a36
101 _aMAT
245 0 0 _aTutorium analysis 1 und lineare algebra 1.
263 _a1305
906 _a0
_bibc
_corignew
_d2
_eepcn
_f20
_gy-gencatlg
942 _2ddc
_cBK
999 _c42797
_d42797